000 00964nam a2200241 a 4500
005 20150915092801.0
008 150915s2001 xxuab frbs i000 0 eng d
020 _a193100319X
040 _aCO-BoUCM
_cDavid Avila
_dDavid Avila
_bspa
041 0 _aeng
245 0 0 _aForeign direct investment in Latin America
_bthe role of European investors
_cZiga Vodusek, editor
246 3 0 _aRole of European investors
260 _aWashington D.C. (Estados Unidos)
_bInter-American Development Bank
_c2001
300 _a352 páginas
_bilustraciones, mapas
504 _aIncluye referencias bibliográficas
650 0 _aInversiones extranjeras
_zAmérica Latina
_950537
651 _aEuropa
_xRelaciones económicas
_zAmérica Latina
_971527
690 _942797
_aEconomía internacional
700 1 _aVodusek, Ziga
_971528
710 2 _aInter-American Development Bank
_971529
942 _2DEWEY
_a7
_cLIBRO
_e1
_h332.673
_mF714f
999 _c301073
_d301073